000 00961nam0a22002531 4500
001 rc\480081
005 20250621101600.0
035 _a(NLR Aleph) 005723059
090 _a7499706
_c7499706
100 _a20030616d1987 |||y0rusy50 ca
101 0 _arus
102 _aRU
105 _ay |||||||||
200 1 _aМеждународные факторы социального прогресса
_f[М.К. Бункина, Р.В. Дементьев, В.В. Загладин и др.
_gРедкол.: М.К. Бункина и др.]
210 _aМ.
_cМеждунар. отношения
_d1987
215 _a319, [1] с.
_d21
300 _aАвт. указаны на обороте тит. л.
320 _aБиблиогр. в примеч.: с. 308-317
701 1 _aБункина
_bМ.К.
_gМаргарита Константиновна
801 0 _aRU
_bNLR
_gpsbo
801 1 _aRU
_bELAR
_2rusmarc
852 _aNLR
_j87-3/8030
942 _cBOOK
980 _aNB